00689nam a22001937a 4500999001500000003000600015005001700021008004100038040000800079082001600087100003600103245008000139260003300219300002400252650004800276650003300324942001500357952012300372 c7621d7621GBCCL20241126110632.0180904b ||||| |||| 00| 0 eng d cgbc a228.06bGAE aGaebelein, Arno Clemens 913435 aThe Revelation : ban analysis and exposition of the last book of the Bible c1915.aNew York:bOur hope,  a225 pages ; b21 cm aBible. -- Revelation -- Prophecies. 913436 aBible. -- Revelation.913437 2ddccBK02 00102ddc4070aGBCbGBCcBSd2018-09-04l2o228.06 GAEp003378r2025-05-01 00:00:00s2024-09-16tc.1w2018-09-04yBK